skbl

Dr Suryya Kumar Bhuyan Library Web-OPAC
ডঃ সূৰ্য্য
কুমাৰ ভূঞা পুথিভঁৰাল ৱেব-অ'পেক

All Research Scholars are advised to clear the annual library fees to continue using Library Resources, Remote Access, Plagiarism Test and Library Clearance.

Cotton University Book Fair 2026

Digital Logic and Computer Design (Record no. 58281)

MARC details
000 -LEADER
fixed length control field 00550nam a2200193Ia 4500
001 - CONTROL NUMBER
control field 58385
008 - FIXED-LENGTH DATA ELEMENTS--GENERAL INFORMATION
fixed length control field 150330n ii |||gr||||Z||||||465
020 ## - INTERNATIONAL STANDARD BOOK NUMBER
International Standard Book Number 9788177584097
082 ## - DEWEY DECIMAL CLASSIFICATION NUMBER
Classification number 001.64044
245 #0 - TITLE STATEMENT
Title Digital Logic and Computer Design
Statement of responsibility, etc. M Morris Mano
Medium Textual Documents
250 ## - EDITION STATEMENT
Edition statement Ist--2006.
260 ## - PUBLICATION, DISTRIBUTION, ETC.
Place of publication, distribution, etc. Delhi
Name of publisher, distributor, etc. Pearson Education
300 ## - PHYSICAL DESCRIPTION
Extent 612pg:
Other physical details ill, Index;
Dimensions 27cm.
653 ## - INDEX TERM--UNCONTROLLED
Uncontrolled term Computer Science
653 ## - INDEX TERM--UNCONTROLLED
Uncontrolled term Deptt-Computer Science
653 ## - INDEX TERM--UNCONTROLLED
Uncontrolled term Digital Logic-- Computer Design
700 ## - ADDED ENTRY--PERSONAL NAME
Personal name Mano,M Morris.
942 ## - ADDED ENTRY ELEMENTS (KOHA)
Source of classification or shelving scheme Dewey Decimal Classification
Koha item type Books
Holdings
Withdrawn status Lost status Damaged status Not for loan Collection Home library Current library Shelving location Date acquired Coded location qualifier Total checkouts Full call number Barcode Date last seen Copy number Price effective from Koha item type
          Dr. Suryya Kumar Bhuyan Library Dr. Suryya Kumar Bhuyan Library   30/03/2015 00000   001.64044 Ma 317 Di 144/comp 14/01/2024 1 30/03/2015 Books

Designed and Maintained by Team SKBL
©1901-2026

Powered by Koha